000 00600nam a22002177a 4500
005 20170124110222.0
010 _a663929
020 _c00.00
035 _a663929
037 _bCen Lib/Ret
040 _aDPL
_bEN
082 _a920
_bJAG
100 _aJagjit Singh
_929361
245 _aSome eminent Indian scientists /
_cby Jagjit Singh
260 _aNew Delhi
_bPublications Division
270 _aPatiala House
_bNew Delhi
_e110001
300 _a159p.
_c19cm(Hb)
650 _aScientists
_939964
650 _aScientists -- Biography
_939965
942 _2ddc
_cEN
_h920
_mJAG
999 _c134162
_d134162